Todos los álbumes de J Balvin - Estadísticas

Estadísticas generales
  • Esta prueba ha sido intentada 33 veces
    20 desde el último reinicio
  • La puntuación promedio es 7 de 11
Estadísticas de respuestas
Año Álbum % Correcto
2020 Colores
93%
2019 Oasis
80%
2024 Rayo
80%
2018 Vibras
80%
2022 Jose
73%
2022 Jose (Deluxe Edition)
73%
2016 Energía
60%
2017 Energía Lado B
60%
2013 La Familia
47%
2014 La Familia B Sides
47%
2012 J Balvin Mix Tape
20%
No se encontraron pruebas coincidentes
Distribución de puntuación
Porcentaje de gente con cada puntuación
Porcentaje por número respondido
Historial de tus puntuaciones
No has intentado esta prueba desde el último reinicio